| Поле | Инд. | ПП | Название | Значение |
|---|---|---|---|---|
| Тип записи | a | |||
| Библиографический уровень | b | |||
| 001 | Контрольный номер | RU/IS/BASE/142440461 | ||
| 005 | Дата корректировки | 20231215163847.4 | ||
| 084 | a | Индекс другой классификации/Индекс ББК | 60.51(2)52-22; 60.561.2 | |
| 100 | 10 | a | Автор | Новиков Я. А. |
| 245 | 00 | a | Заглавие | Охранительная система и патриотизм |
| c | Ответственность | автор предисловие Кукушкина Е. И. | ||
| 500 | 00 | a | Примечание | Глава девятая из книги: Новиков Я. А. Протекционизм. - Санкт-Петербург, 1890. - С. 184-200 |
| 504 | 00 | a | Библиография | Библиогр. ссылки |
| 600 | 14 | a | Персоналии | Новиков Яков Александрович |
| 650 | 04 | a | Основная рубрика | история социологии |
| a | Основная рубрика | социология | ||
| a | Основная рубрика | экономическая социология | ||
| 653 | 00 | a | Ключевые слова | XIX век |
| a | Ключевые слова | органицистское направление | ||
| a | Ключевые слова | патриотизм | ||
| a | Ключевые слова | протекционизм | ||
| a | Ключевые слова | Россия | ||
| a | Ключевые слова | социологический позитивизм | ||
| a | Ключевые слова | экономическая политика | ||
| a | Ключевые слова | экономическая солидарность | ||
| 700 | 12 | a | Автор | Кукушкина Е. И. |
| e | Роль лиц | автор предисловия | ||
| 773 | 00 | t | Заглавие источника | Вестник Московского университета. Серия 18, Социология и политология |
| d | Дата издания источника | 2000 | ||
| g | Прочая информация | № 3. - С. 132 - 142 | ||
| w | Контрольный № источника | RU/IS/BASE/144174158 | ||
| 901 | t | Тип документа | b |